000 00582nam a2200241Ia 4500
003 OSt
005 20220912145817.0
006 a|||||r|||| 00| 0
007 ta
008 220909b |||||||| |||| 00| 0 eng d
024 _a78396
037 _cTextbook
040 _aCSL
_beng
_cCSL
041 _aeng
082 _aD65,4, M5;N1;2
100 _akennedy
245 0 _aElectroric commurication systems
260 _c1991
300 _ap.
_ccm.
650 _aCommurication systems
942 _hD65,4, M5;N1;2
_cTB
_2CC
999 _c38729
_d38729